Open Data Biblioteca Nacional de Portugal


República Portuguesa: Ministério da Cultura
Biblioteca Nacional de Portugal

Catálogo da BNP: acesso por Identificadores Unívocos
Registos Bibliográficos associados ao registo de autoridade

Etiqueta de registo: 00254nam 2200025 450
001 1928650
003 http://id.bnportugal.gov.pt/bib/catbnp/1928650
100 ## $a20160419d1761 m y0pory01030103ba
101 0# $alat
102 ## $aDX
105 ## $ay z 000yy
106 ## $ar
200 1# $aIo. Laur. Moshemii Institutionum historiae christianae in compendium redactae a Iohanne Petro Millero
205 ## $aEditio altera multo auctior et emendatior
210 #9 $aHelmstadii$capud Christ. Frid. Weygand,$d1761
215 ## $aXLVIII, 514, [37] p.$d8º (18 cm)
517 1# $aInstitutionum historiae christianae in compendium redactae a Johanne Petro Millero
620 ## $dHelmestedt
700 #1 $aMosheim,$bJohann Lorenz von,$f1693-1755$391273
702 #1 $aMiller,$bJohann Peter,$f1705-1781$4100$31642998
702 #1 $aWeygand,$bChristian Friedrich,$ffl. 1722-1764$4610$31643001
801 #0 $aPT$bBN$gRPC
966 ## $lBN$mFGMON$sH.G. 1553 P.
997 ## $aBIBEOD

Etiqueta de registo: 00254nam 2200025 450
001 2287117
003 http://id.bnportugal.gov.pt/bib/catbnp/2287117
100 ## $a20260528d1851 m y0pory01030103ba
101 0# $alat
102 ## $aDX
105 ## $ay z 000yy
106 ## $ar
200 1# $aIo. Laurentii a Mosheim Academiae Georgiae Augustae Cancelarii Rel. Commentationes et orationes varii argumenti collegit nonnullas ex schedis perill. auctoris$frecensuit et praefatus est Io. Petrus Miller...
210 #9 $aHamburgi$csumtibus Christiani Wilh. Brandt,$d1751
215 ## $aLXXX, 648, [8] p.$d8º (20 cm)
307 ## $aAssin.: a-e//8, A-Z//8, Aa-Ss//8
321 ## $aBayerische Staatsbibliothek BV001624558
321 ## $aICCU IT\ICCU\MODE\022158
327 11 $aCom p. de título próprias: De Odio theologico commentatio auspicii caussa edita. - p. 1-30 ; Meditatio de Die Christi ab Abrahamo Visa ad locum Ioh. IIX, 56. coll. Ebr. XI, 19. - p. 31-72 ; Cogitationes de iustificatione Abrahami ad illustranda loca quaedam epistolae D. Paulli ad Romanos. - p. 73-86 ; De Diuersis rationibus quas sequuti sunt qui iuris sacri corrigendi negotium in se susceperunt praefatio. - p. 87-100 ; Cogitationes de studio litterario. - p. 101-120 ; Dissertatio in qua soluitur haec quaestio num philosophorum a vera religione auersorum aliquis mundum a Deo ex nihilo creatum esse docuerit?. - p. 121-258 ; De Loco vexato Aelii Lampridii sactum nomen in penetrale Dei sui transtulit obseruatio... - p. 259-268 ; De Linguae latinae cultura et necessitate dissertatio. - p. 269-324 ; Commentatio de hodierna romani sermonis in patria nostra existimatione. - p. 325-346 ; Obseruatio historico-critica de existimatione celeberrimi philosophi Apollonii Tyanaei. - p. 347-452 ; DeScriptis Apollonii Tyanaei breue spicilegium. - p. 453-464 ; De Imaginibus telesticis quas Apollonius Tyanaeus confecisse dicitur ad virum celeberrimum Maturinum Veissiere La Croze... - p. 465-496 ; Orationes de rebus academicis... - p. 497-648
500 10 $aCommentationes et orationes varii argumenti
620 ## $dHamburgo
700 #1 $aMosheim,$bJohann Lorenz von,$f1693-1755$391273
702 #1 $aMiller,$bJohann Peter,$f1705-1781$4340$31642998
702 #1 $aBrandt,$bChristian Wilhelm,$ffl. 1724-1761$4610$357871
801 #0 $aPT$bBN$gRPC
856 40 $2Cópia digital disponível em Google Books$uhttps://books.google.pt/books?id=dQo1PqRoTU0C&hl=pt-PT&pg=PR1#v=onepage&q&f=false
966 ## $lBN$mFGMON$sR. 1900 P.
971 ## $cpmesqui$d20260528
997 ## $aBIBEOD

OpendataBNP@bnportugal.pt | Mais informação sobre acesso aos dados BNP